[Event "Katowice rapid op"]
[Site "Katowice"]
[Date "2025.06.02"]
[Round "3"]
[White "Ladanyi, Tibor"]
[Black "Baranowski, Michal"]
[Result "1-0"]
[WhiteElo "2034"]
[BlackElo "1764"]
[PlyCount "63"]
[EventDate "2025.05.31"]
[EventType "swiss"]
[EventRounds "11"]
[EventCountry "POL"]
[SourceTitle "CB24_2025"]
[SourceDate "2025.06.11"]
[SourceVersion "1"]
[SourceVersionDate "2025.06.11"]
[SourceQuality "1"]

1. d4 e6 2. c4 d5 3. Nc3 Nf6 4. cxd5 exd5 5. Bg5 c6 6. Qc2 Be7 7. e3 0-0 8. Bd3 h6 9. Bh4 Be6 10. Nge2 Nbd7 11. 0-0 Rc8 12. Rad1 Qa5 13. a3 a6 14. f3 c5 15. Qb1 b5 16. Bf2 c4 17. Bc2 b4 18. axb4 Qxb4 19. Be1 Qb6 20. Na4 Qb7 21. h3 Nb6 22. Nac3 Rfd8 23. e4 dxe4 24. fxe4 Bd7 25. Nf4 Bc6 26. Bf2 Re8 27. d5 Bb5 28. e5 Nfd7 29. e6 fxe6 30. Bh7+ Kh8 31. Ng6+ Kxh7 32. Nxe7+ 1-0